| 000 | 00841nam a2200241 4500 | ||
|---|---|---|---|
| 999 |
_c8620 _d8620 |
||
| 001 | 22717 | ||
| 003 | BD-DhUAP | ||
| 005 | 20250629114141.0 | ||
| 008 | 071031s2007 bg a 000 0 eng | ||
| 040 |
_aDLC _cBD-DhUAP _dBD-DhUAP _bEng _eBD-DhUAP |
||
| 041 | 0 |
_aeng _aben |
|
| 043 | _aa-bg--- | ||
| 082 |
_223 _a379.599 MAH |
||
| 100 | 0 |
_aMahmud _c(Photographer) |
|
| 245 | 1 | 0 |
_aAng ing Mru rung : _bĀṃ iṃ Mru ruṃ / _cimages and text, Mahmud. |
| 246 | 3 | 1 | _aĀṃ iṃ Mru ruṃ |
| 260 |
_aDhaka : _bMap Photo Agency, _c2007. |
||
| 300 |
_a168 p. : _bcol. ill. ; _c25 cm. |
||
| 500 | _a"Life & struggles of the Mro people in Bangladesh"--Cover. | ||
| 650 | 0 |
_aMru (South Asian people) _zBangladesh _xSocial life and customs. |
|
| 650 | 0 |
_aMru (South Asian people) _zBangladesh _xSocial life and customs _vPictorial works. |
|
| 942 |
_2ddc _cBK |
||